Länder mit der größten städtischen Bevölkerung - Statistiken

Allgemein
  • Dieses Quiz wurde 290 mal gespielt
  • Das Durchschnittsergebnis liegt bei 14 aus 17
Antwortstatistiken
# Land % Korrekt
897.578.430 China
99%
508.368.360 Indien
98%
276.908.630 Vereinigte Staaten
98%
108.359.440 Russland
91%
65.067.460 Deutschland
90%
115.058.680 Japan
90%
188.517.730 Brasilien
89%
103.660.850 Mexiko
86%
55.402.740 Frankreich
85%
159.608.950 Indonesien
78%
88.979.080 Pakistan
73%
56.522.520 Vereinigtes Königreich
73%
116.965.440 Nigeria
68%
67.979.820 Bangladesch
64%
65.453.230 Türkei
60%
68.013.040 Iran
57%
55.441.750 Philippinen
52%
Keine übereinstimmenden Quizze gefunden
Verteilung der Resultate
Anzahl Personen mit jedem Resultat
Perzentil nach korrekt beantworteten Fragen
Ihre Resultats-Entwicklung
Sie haben dieses Quiz noch nicht gespielt